000 01134naa a22003257a 4500
001 BR8005128
003 BR-BrBNA
005 20240918174646.0
007 ta
008 230509b bl.||||| |||| 00| 0 por d
040 _aBR-BrBNA
_bpor
_cBiblioteca Nacional de Agricultura
041 _a(Es)
072 _aK10; F25
_b3856
_bG516
_bGZ72
090 _aK10 BR8005128
100 1 _aMoll, W.
100 1 _aSchlatter, J.E.
111 1 _a1. Encontro da IUFRO
_cCuritiba, PR (Brazil)
_d21 Oct 1979
245 1 _aMetodo de diferenciacion de sitios con aplicacion en la produccion forestal [producao florestal, fertilidade do solo, humus, PH, floresta, Chile]
260 3 _aCuritiba, PR (Brasil):
_c1980.
500 _aProblemas Florestais do Genero Araucaria Curitiba, PR (Brasil): 1980. p. 145-148 (BR8005128-AM)K10
650 _aHUMUS
650 _aFLORESTA
650 _aANALISE DO SOLO
650 _aPH
650 _aSOLO
650 _aCHILE
773 0 _tProblemas Florestais do Genero Araucaria
_wK10 BR8005128
_gCuritiba, PR (Brasil), 1980. p. 145-148
909 _a202404
_bLucia
_c55
_dLucia Elande
942 _cAM
_2AGRIS
999 _c312670
_d312670